banner-ar

موجز تاريخ علم الاقتصاد : (Record no. 61003)

MARC details
000 -الفاتح
حقل البيانات ثابتة الطول 01297nam a22003137a 4500
005 - وقت وتاريخ اخر تعامل مع التسجيلة
رقم الضبط 20240530110438.0
008 - عناصر البيانات ثابتة الطول - معلومات عامة
حقل البيانات ثابتة الطول 150416s2011 ua g 000 0dara d
017 ## - رقم الايداع القانونى
رقم الايداع القانونى 2011/7672
المصدر ( الهيئة المختصة) مصر . دار الكتب المصرية
020 ## - الرقم الدولى المعيارى للكتب
الرقم الدولى المعيارى للكتاب 9789777046138
040 ## - مصدر الفهرسة
وكالة الفهرسة الأصلية EG-CaGPL
082 04 - رقم تصنيف ديوى العشرى
رقم الطبعة 21
رقم التصنيف 330\
رقم المادة ك م
100 1# - المدخل الرئيسى - إسم شخصى
الإسم الشخصى كانتربرى ، اى. راى
الشكل الأكمل للاسم اى. راى كانتربرى
245 10 - بيان العنوان
العنوان موجز تاريخ علم الاقتصاد :
بقية العنوان مقاربات جمالية لدراسة العلم الكئيب /
بيان المسئوليه,etc تاليف اى. راى كانتربرى ؛ ترجمة سمير كريم ؛ مراجعة جودة عبدالخالق
250 ## - بيان الطبعة
بيان الطبعة ط1
260 ## - PUBLICATION, DISTRIBUTION, ETC. (IMPRINT)
تاريخ النشر أو التوزيع 2011 .
300 ## - الوصف المادى
التعداد 655 ص ؛
أبعاد الوعاء 24 سم
490 0# - بيان السلسلة
عنوان السلسلة المشروع القومى للترجمة ؛
رقم المجلد/ التعيين التسلسلي 1734
650 04 - المدخل الاضافى بالموضوع-مصطلح موضوعى
مصطلح موضوعي الاقتصاد
التقسيم الفرعي العام علم
650 04 - المدخل الاضافى بالموضوع-مصطلح موضوعى
مصطلح موضوعي الاقتصاد
التقسيم الفرعي العام تاريخ
650 04 - المدخل الاضافى بالموضوع-مصطلح موضوعى
مصطلح موضوعي الراسمالية
650 04 - المدخل الاضافى بالموضوع-مصطلح موضوعى
مصطلح موضوعي الاقتصاد الدولى
650 04 - المدخل الاضافى بالموضوع-مصطلح موضوعى
مصطلح موضوعي الاقتصاد السياسى
650 04 - المدخل الاضافى بالموضوع-مصطلح موضوعى
مصطلح موضوعي البطالة
650 04 - المدخل الاضافى بالموضوع-مصطلح موضوعى
مصطلح موضوعي الراديكالية
700 0# - المدخل الاضافى - اسم شخصى
الإسم الشخصى سمير كريم
الدور مترجم
700 0# - المدخل الاضافى - اسم شخصى
الإسم الشخصى جودة عبدالخالق
الدور مراجع
942 ## - عناصر المدخل الإضافي( كوها)
مصدر التصنيف او مخطط الترفيف Dewey Decimal Classification
Koha [default] item type كتاب
260 ## - PUBLICATION, DISTRIBUTION, ETC. (IMPRINT)
-- القاهرة :
-- المركز القومى للترجمة ،
Holdings
حالة التراجع حالة الفقد حالة تلف ليس للاعارة المكان المؤقت الموقع الحالى تاريخ الاكتساب اجمالي اﻻعارات رقم الطلب الباركود تاريخ اخر مشاهدة تاريخ تفعيل السعر نوع وعاء كوها
        مكتبة القاهرة الكبرى مكتبة القاهرة الكبرى 04/16/2015   330\ ك م 160202 04/16/2015 04/16/2015 كتاب

Powered By

EGPV